[Event "3rd Riga Tech Uni Op"]
[Site "Riga LAT"]
[Date "2013.08.05"]
[Round "1.1"]
[White "Kovalenko, Igor"]
[Black "Player, Edmund C"]
[Result "1-0"]
[WhiteTitle "GM"]
[WhiteElo "2646"]
[BlackElo "2264"]
[WhiteFideId "14117908"]
[BlackFideId "406520"]
[EventDate "2013.08.05"]

1. e4 e6 2. d4 d5 3. Bd3 dxe4 4. Bxe4 Nf6 5. Bf3 c5 6. Ne2 Nc6 7. Be3 Nd5 8.
Bxd5 Qxd5 9. Nbc3 Qd8 10. dxc5 Be7 11. Qxd8+ Bxd8 12. O-O-O O-O 13. Ne4 e5 14.
Nd6 f5 15. f3 Rb8 16. Nxc8 Rxc8 17. Rd7 Rf7 18. Rxf7 Kxf7 19. Rd1 Be7 20. Rd7
Rb8 21. a3 Ke8 22. Rd5 Rd8 23. Rxd8+ Kxd8 24. Kd2 Kd7 25. b4 Ke6 26. Kd3 g5 27.
b5 e4+ 28. fxe4 Ne5+ 29. Kd4 fxe4 30. Kxe4 Nc4 31. Nd4+ Kf6 32. c6 bxc6 33. Nxc6
Nxe3 34. Kxe3 Bxa3 35. Ke4 Bc5 36. Kd5 Bg1 37. c4 Bxh2 38. Nxa7 Ke7 39. b6 h5
40. Nc6+ Kd7 41. b7 Bb8 42. Nxb8+ Kc7 43. Nd7 1-0

[Event "3rd Riga Tech Uni Op"]
[Site "Riga LAT"]
[Date "2013.08.05"]
[Round "1.2"]
[White "Mustaps, Matiss"]
[Black "Socko, Bartosz"]
[Result "0-1"]
[BlackTitle "GM"]
[WhiteElo "2261"]
[BlackElo "2646"]
[WhiteFideId "11602295"]
[BlackFideId "1107038"]
[EventDate "2013.08.05"]

1. e4 e6 2. d4 d5 3. Nc3 Bb4 4. exd5 exd5 5. Bd3 Nc6 6. a3 Bxc3+ 7. bxc3 Be6 8.
Rb1 b6 9. Nf3 Qd7 10. O-O Nge7 11. Re1 O-O 12. Bf4 Ng6 13. Bg3 Bf5 14. Bxf5 Qxf5
15. Bxc7 Rfc8 16. Bg3 Na5 17. Qd2 Nc4 18. Qd3 Qd7 19. h4 Nxa3 20. h5 Nxb1 21.
hxg6 Rxc3 22. Qd1 Rxf3 23. gxf3 Na3 24. gxh7+ Kh8 25. Qe2 Nc4 26. f4 Qf5 27. Qe7
a5 28. Qb7 Rf8 29. Qc6 Kxh7 30. Kg2 Rc8 31. Qb5 Rd8 32. Qb3 Rd6 33. Re7 Re6 34.
Rd7 Qe4+ 35. Qf3 Qxf3+ 36. Kxf3 a4 37. f5 Rf6 38. Kg4 a3 39. Ra7 Na5 40. Re7 a2
41. Re1 Rc6 0-1

[Event "3rd Riga Tech Uni Op"]
[Site "Riga LAT"]
[Date "2013.08.05"]
[Round "1.3"]
[White "Aleksandrov, Aleksej"]
[Black "Sanders, Isaac B"]
[Result "1/2-1/2"]
[WhiteTitle "GM"]
[WhiteElo "2626"]
[BlackElo "2254"]
[WhiteFideId "13500139"]
[BlackFideId "417661"]
[EventDate "2013.08.05"]

1. d4 Nf6 2. c4 e6 3. Nc3 Bb4 4. e3 Nc6 5. Ne2 d5 6. a3 Bd6 7. c5 Be7 8. b4 O-O
9. Nf4 Ne8 10. Bd3 f5 11. g4 fxg4 12. Qxg4 e5 13. Ne6 e4 14. Nxe4 Qd7 15. N4g5
Bxg5 16. Bxh7+ Kh8 17. Qxg5 Qxe6 18. Bg6 Qg4 19. h4 Qxg5 20. hxg5+ Kg8 21. Bc2
Bf5 22. Bb3 Ne7 23. f3 Be6 24. Ke2 Nf5 25. Kf2 g6 26. Bb2 Neg7 27. Rh2 Rae8 28.
Rg1 c6 29. a4 Nh5 30. Bc3 Re7 31. Bd2 Rfe8 32. Re1 Nfg7 33. b5 Rf7 34. Kg2 Ref8
35. Bd1 Rf5 36. f4 R5f7 37. Bf3 Bf5 38. a5 Bd3 39. b6 a6 40. Kf2 Re7 41. Bd1 Kf7
42. Bg4 Rh8 43. Rh4 Bf5 44. Bf3 Ree8 45. Rg1 Be4 46. Rgh1 Bxf3 47. Kxf3 Nf5 48.
R4h3 Kg7 49. Rg1 Re4 50. Kf2 Kg8 51. Re1 Nhg7 52. Rxh8+ Kxh8 53. Kf3 Kg8 54. Re2
Nh5 55. Rh2 Re7 56. Rh3 Nhg7 57. Rh2 Nh5 58. Rh3 Rh7 59. Be1 Rf7 60. Rh2 Kf8 61.
Bf2 Re7 62. Rh1 Re4 63. Rd1 Kf7 64. Rd3 Nhg7 65. Rd1 Ne6 66. Rh1 Kg7 67. Re1
Nfxd4+ 68. exd4 Rxe1 69. Bxe1 Nxd4+ 70. Kg4 Kf7 71. Bc3 Nb3 72. Bb4 Nd4 73. Bc3
Nf5 74. Kf3 Ke6 75. Bf6 Nh4+ 76. Kg3 Nf5+ 77. Kf3 Nh4+ 1/2-1/2

[Event "3rd Riga Tech Uni Op"]
[Site "Riga LAT"]
[Date "2013.08.05"]
[Round "1.4"]
[White "Kretainis, Kristaps"]
[Black "Ehlvest, Jaan"]
[Result "1/2-1/2"]
[BlackTitle "GM"]
[WhiteElo "2248"]
[BlackElo "2615"]
[WhiteFideId "11602163"]
[BlackFideId "4500016"]
[EventDate "2013.08.05"]

1. e4 c5 2. c3 e6 3. d4 d5 4. exd5 Qxd5 5. Na3 Qd8 6. Bf4 Nf6 7. dxc5 Bxc5 8.
Qxd8+ Kxd8 9. Rd1+ Bd7 10. Nc4 Ke7 11. Nf3 Nd5 12. Bg3 Nc6 13. Nfe5 Nxe5 14.
Nxe5 Ba4 15. Rd2 Rhd8 16. Be2 Rac8 17. Bd1 Be8 18. Bc2 f6 19. Nd3 Bb6 20. Nf4
Nxf4 21. Bxf4 g5 22. Be3 Bxe3 23. fxe3 Rxd2 24. Kxd2 Bc6 25. e4 Kd6 26. Ke3 Ke5
27. h4 g4 28. g3 Rd8 29. Rf1 h5 30. Rf2 b5 31. a3 a5 32. Rf1 Bb7 33. Bd3 Bc6 34.
Ra1 Be8 35. Rf1 Rc8 36. Ra1 Rc5 37. Kd2 Rc7 38. Ke3 Rb7 39. Kd2 Bc6 40. Ke3 f5
41. exf5 exf5 42. Rf1 Bf3 43. Ra1 Be4 44. Rd1 Bxd3 45. Rxd3 Re7 46. Rd4 Kf6+ 47.
Kf2 a4 48. Rd5 Re5 49. Rd6+ Re6 50. Rd5 Re5 51. Rd6+ Kf7 52. Rd4 Ke6 53. c4 bxc4
54. Rxc4 Re4 55. Rc5 Re5 56. Rc4 Rb5 57. Rxa4 Rxb2+ 58. Kf1 Ra2 59. Ra5 Rh2 60.
Kg1 Rh3 61. Kg2 f4 62. gxf4 Rxh4 63. Rg5 Rh3 64. a4 Rf3 65. Rxh5 Rxf4 66. Kg3
Rxa4 67. Rg5 Kf6 68. Rxg4 Rxg4+ 69. Kxg4 1/2-1/2

[Event "3rd Riga Tech Uni Op"]
[Site "Riga LAT"]
[Date "2013.08.05"]
[Round "1.7"]
[White "Kulaots, Kaido"]
[Black "Zuckovs, Aleksejs"]
[Result "1-0"]
[WhiteTitle "GM"]
[WhiteElo "2581"]
[BlackElo "2236"]
[WhiteFideId "4500261"]
[BlackFideId "11603801"]
[EventDate "2013.08.05"]

1. e4 d5 2. exd5 Qxd5 3. Nc3 Qa5 4. d4 Nf6 5. Bc4 Nc6 6. Ne2 Bg4 7. f3 Bf5 8.
Bd2 O-O-O 9. a3 Nb8 10. Nb5 Qb6 11. a4 a5 12. b4 Nc6 13. bxa5 Nxa5 14. Ba2 Be6
15. Bxe6+ fxe6 16. O-O e5 17. Bxa5 Qxa5 18. Qd3 exd4 19. Nexd4 e5 20. Qf5+ Kb8
21. Qxe5 Rd5 22. Qf4 Bc5 23. Kh1 Bxd4 24. Nxd4 Rhd8 25. Ne6 R8d7 26. Rab1 Rd2
27. Qe3 Nd5 28. Qc5 Qxc5 29. Nxc5 Re7 30. Rxb7+ Kc8 31. Ra7 Kb8 32. Ra5 Ree2 33.
Nb3 Rxc2 34. Rxd5 Rxg2 35. Rh5 h6 36. Rg1 Rgf2 37. Rxg7 Rc4 38. Rxh6 Rxf3 39.
Nd2 Rc1+ 40. Rg1 Rfc3 41. Ne4 Rxg1+ 42. Kxg1 Rc4 43. Re6 Rxa4 44. Kf2 Ra3 45. h4
Rh3 46. Rh6 Kb7 47. h5 1-0

[Event "3rd Riga Tech Uni Op"]
[Site "Riga LAT"]
[Date "2013.08.05"]
[Round "1.8"]
[White "Stremavicius, Titas"]
[Black "Vovk, Andrey"]
[Result "1/2-1/2"]
[BlackTitle "GM"]
[WhiteElo "2235"]
[BlackElo "2581"]
[WhiteFideId "12804444"]
[BlackFideId "14114470"]
[EventDate "2013.08.05"]

1. d4 Nf6 2. c4 g6 3. Nc3 Bg7 4. e4 d6 5. f3 O-O 6. Be3 e5 7. d5 Nh5 8. Qd2 f5
9. exf5 gxf5 10. Bg5 Qe8 11. O-O-O a5 12. Bd3 Na6 13. Nge2 Bd7 14. g4 e4 15.
gxh5 exd3 16. Nf4 Nc5 17. Rhg1 Kh8 18. Rde1 Be5 19. h6 Qf7 20. Nxd3 Nxd3+ 21.
Qxd3 f4 22. Rxe5 dxe5 23. Ne4 Ra6 24. Bf6+ Rxf6 25. Rg7 Rxh6 26. Rxf7 Rxf7 27.
Qc3 Rxh2 28. Qxe5+ Rg7 29. a3 Bf5 30. Ng5 h6 31. Nf7+ Kh7 32. Qxf5+ Kg8 33.
Nxh6+ Rxh6 34. Qxf4 Rh1+ 35. Kc2 b6 36. Kb3 Rf7 37. Qg4+ Kf8 38. Qc8+ Kg7 39.
Ka4 Rh4 40. Kb5 Rhf4 41. c5 bxc5 42. Kxa5 Rxf3 43. Qg4+ Kf8 44. Qc4 Ke8 45. Kb5
R7f4 46. Qe2+ Kd8 47. Kxc5 Rf2 48. Qe5 R4f3 49. Qg5+ Kc8 50. Qg4+ Kb7 51. Qb4+
Kc8 52. a4 Rf4 53. Qa3 Rc2+ 54. Kb5 Rd4 55. Ka6 Rcd2 56. Qf8+ Kd7 57. b4 Rxd5
58. Kb7 Re5 59. Qf4 Rde2 60. Qd4+ Ke6 61. Kxc7 R2e4 62. Qd6+ Kf7 63. b5 Re7+ 64.
Kb8 Re8+ 65. Kb7 1/2-1/2

[Event "3rd Riga Tech Uni Op"]
[Site "Riga LAT"]
[Date "2013.08.05"]
[Round "1.9"]
[White "Gleizerov, Evgeny"]
[Black "Topi-Hulmi, Teemu"]
[Result "1-0"]
[WhiteTitle "GM"]
[BlackTitle "FM"]
[WhiteElo "2567"]
[BlackElo "2234"]
[WhiteFideId "4101332"]
[BlackFideId "502740"]
[EventDate "2013.08.05"]

1. d4 d5 2. c4 c6 3. Nf3 Nf6 4. Nc3 dxc4 5. a4 Bf5 6. e3 e6 7. Bxc4 Bb4 8. O-O
Nbd7 9. Nh4 O-O 10. Nxf5 exf5 11. Bd2 Qe7 12. Ne2 g6 13. a5 Bd6 14. g3 Ne4 15.
Be1 Rfd8 16. Nc3 Ndf6 17. Qe2 Rac8 18. f3 Nxc3 19. bxc3 Re8 20. e4 Nd5 21. e5
Bb8 22. Bb3 Rcd8 23. f4 a6 24. c4 Nf6 25. Qf3 Ne4 26. d5 Ba7+ 27. Kg2 Qc5 28.
Rd1 h5 29. d6 Qa3 30. Bc2 Qxf3+ 31. Kxf3 Bc5 32. Bxe4 fxe4+ 33. Ke2 f5 34. Rb1
Rd7 35. Bf2 Bxf2 36. Rxf2 Kf7 37. Ke3 Ra8 38. Rfb2 Ra7 39. h3 Ke6 40. Kd4 Rf7
41. Rb3 Rd7 42. g4 hxg4 43. hxg4 Rh7 44. Rg3 1-0

[Event "3rd Riga Tech Uni Op"]
[Site "Riga LAT"]
[Date "2013.08.05"]
[Round "1.10"]
[White "Bivol, Alina"]
[Black "Hera, Imre Jr."]
[Result "1/2-1/2"]
[WhiteTitle "WIM"]
[BlackTitle "GM"]
[WhiteElo "2230"]
[BlackElo "2567"]
[WhiteFideId "4100123"]
[BlackFideId "716855"]
[EventDate "2013.08.05"]

1. e4 c5 2. Nf3 e6 3. d4 cxd4 4. Nxd4 Nc6 5. Nxc6 bxc6 6. c4 Nf6 7. Bd3 d5 8.
exd5 cxd5 9. O-O Be7 10. Nc3 O-O 11. cxd5 exd5 12. Bg5 Be6 13. Ne2 h6 14. Bh4
Rb8 15. b3 Rb4 16. Bg3 a5 17. Rc1 Bd6 18. Qc2 Qb8 19. Rfd1 Bg4 20. f3 Bd7 21.
Bf5 Bxf5 22. Qxf5 Bxg3 23. Nxg3 a4 24. Nh5 Nxh5 25. Qxh5 axb3 26. axb3 d4 27.
Qc5 Rd8 28. Rc4 Rxc4 29. Qxc4 Qb6 30. Rd3 Qa5 31. Qc1 Re8 32. Qd2 Qa1+ 33. Kf2
Ra8 34. Qe1 Qb2+ 35. Qe2 Qa1 36. Qe1 Qa7 37. Qd2 Rd8 38. Qc2 Qb6 39. Qd2 h5 40.
Qg5 g6 41. h3 Qc7 42. h4 Qb6 43. Qe5 Qa6 44. Qe2 Qb5 45. Qd2 Qb6 46. Qg5 Re8 47.
Qd2 Rc8 48. Kg3 Rd8 49. Qf4 Rd5 50. Qe4 Qd6+ 51. Qf4 Qb4 52. Qe4 Qd6+ 53. Qf4 1/2-1/2

[Event "3rd Riga Tech Uni Op"]
[Site "Riga LAT"]
[Date "2013.08.05"]
[Round "1.11"]
[White "Burmakin, Vladimir"]
[Black "Karasik, Evgeni"]
[Result "1-0"]
[WhiteTitle "GM"]
[WhiteElo "2565"]
[BlackElo "2228"]
[WhiteFideId "4105109"]
[BlackFideId "2803941"]
[EventDate "2013.08.05"]

1. Nf3 c5 2. g3 Nc6 3. d4 cxd4 4. Nxd4 g6 5. Bg2 Bg7 6. Nb3 Nf6 7. O-O O-O 8. c4
d6 9. Nc3 Ne5 10. c5 dxc5 11. Qxd8 Rxd8 12. Nxc5 Rb8 13. Bf4 Nh5 14. Rad1 Re8
15. Bc1 b6 16. Nb3 Nf6 17. Nb5 a6 18. Nc7 Rf8 19. Nd4 Bb7 20. Bxb7 Rxb7 21. Nxa6
Nd5 22. Nb5 Rd7 23. f4 Nc4 24. b3 Na5 25. e4 Nf6 26. Rxd7 Nxd7 27. Be3 Ra8 28.
Nac7 Rb8 29. Rd1 Nf6 30. Na6 Nd7 31. Nac7 Nf6 32. Na6 Ra8 33. Nbc7 1-0

[Event "3rd Riga Tech Uni Op"]
[Site "Riga LAT"]
[Date "2013.08.05"]
[Round "1.12"]
[White "Jones, Iolo C"]
[Black "Yemelin, Vasily"]
[Result "0-1"]
[WhiteTitle "CM"]
[BlackTitle "GM"]
[WhiteElo "2225"]
[BlackElo "2564"]
[WhiteFideId "1800094"]
[BlackFideId "4113217"]
[EventDate "2013.08.05"]

1. d4 Nf6 2. Nf3 e6 3. c4 Bb4+ 4. Nbd2 d6 5. Qc2 O-O 6. e3 Re8 7. a3 Bxd2+ 8.
Bxd2 a5 9. Bc3 a4 10. Be2 b6 11. O-O Bb7 12. Rad1 Nbd7 13. Nd2 c5 14. Bf3 Bxf3
15. Nxf3 Qc7 16. dxc5 bxc5 17. Nd2 Qc6 18. Nb1 e5 19. f3 Re6 20. Be1 Qa6 21. Bh4
Rb8 22. Bxf6 Nxf6 23. e4 h5 24. Rf2 h4 25. Nd2 Nh5 26. Nf1 Rb3 27. Rd3 Rxd3 28.
Qxd3 Nf4 29. Qc2 Re8 30. Ne3 h3 31. Nd5 Nxd5 32. cxd5 hxg2 33. Rxg2 Rb8 34. Qd2
Qc4 35. Qg5 Qd4+ 36. Rf2 g6 37. Qc1 Rb3 38. Kg2 Kg7 39. h4 f6 40. Re2 Kh7 41.
Rf2 Rd3 42. Qc2 f5 43. exf5 gxf5 44. Qe2 Qxd5 45. Kh2 Kh6 46. Kg1 Rd1+ 47. Kh2
Qd3 0-1

[Event "3rd Riga Tech Uni Op"]
[Site "Riga LAT"]
[Date "2013.08.05"]
[Round "1.13"]
[White "Stocek, Jiri"]
[Black "Salomon, Johan"]
[Result "1/2-1/2"]
[WhiteTitle "GM"]
[WhiteElo "2558"]
[BlackElo "2222"]
[WhiteFideId "304760"]
[BlackFideId "1509500"]
[EventDate "2013.08.05"]

1. d4 Nf6 2. c4 e6 3. Nc3 Bb4 4. e3 O-O 5. Bd3 c5 6. Ne2 d5 7. cxd5 exd5 8. a3
Bxc3+ 9. bxc3 b6 10. O-O Ba6 11. Bxa6 Nxa6 12. f3 Re8 13. Ra2 Nc7 14. g4 Ne6 15.
Ng3 Rc8 16. Rg2 cxd4 17. cxd4 Re7 18. Nf5 Rec7 19. Bb2 Ne8 20. Qb3 Rc4 21. e4
Nf4 22. Rd2 Nd6 23. Ne3 R4c7 24. exd5 Nc4 25. Nxc4 Rxc4 26. Re1 h5 27. Qe3 Nxd5
28. Qe5 hxg4 29. fxg4 Qd7 30. Rde2 Rc2 31. h3 Rxe2 32. Rxe2 Nf6 33. Qf5 Qxf5 34.
gxf5 Nd5 35. Kh2 f6 36. Kg3 Kf7 37. Kf3 Rh8 1/2-1/2

[Event "3rd Riga Tech Uni Op"]
[Site "Riga LAT"]
[Date "2013.08.05"]
[Round "1.14"]
[White "Lindgren, Fredrik"]
[Black "Miezis, Normunds"]
[Result "0-1"]
[BlackTitle "GM"]
[WhiteElo "2221"]
[BlackElo "2557"]
[WhiteFideId "1703951"]
[BlackFideId "11600136"]
[EventDate "2013.08.05"]

1. d4 Nf6 2. Nf3 e6 3. g3 b5 4. Bg2 Bb7 5. O-O c5 6. c3 Na6 7. Nbd2 Be7 8. a4 b4
9. c4 cxd4 10. Nxd4 Bxg2 11. Kxg2 Nc5 12. f3 O-O 13. N2b3 Rc8 14. Nxc5 Rxc5 15.
Qb3 d5 16. cxd5 Qxd5 17. Qxd5 Rxd5 18. Nc6 Bc5 19. Bf4 Rc8 20. Ne5 Bd6 21. Rac1
Rxc1 22. Rxc1 g5 23. e4 gxf4 24. exd5 Bxe5 25. Rc8+ Kg7 26. dxe6 fxe6 27. gxf4
Bxf4 28. b3 Nd5 29. Ra8 Be3 30. Kf1 Bd4 31. Ke2 Nf4+ 32. Kd2 h5 33. Rb8 Bb6 34.
a5 Bxa5 35. Rb7+ Kf6 36. Rxa7 Bb6 37. Rb7 Nd5 38. Kd3 Bc7 39. h3 Kf5 40. Kc4 0-1

[Event "3rd Riga Tech Uni Op"]
[Site "Riga LAT"]
[Date "2013.08.06"]
[Round "2.1"]
[White "Berzinsh, Roland"]
[Black "Kovalenko, Igor"]
[Result "0-1"]
[WhiteTitle "IM"]
[BlackTitle "GM"]
[WhiteElo "2400"]
[BlackElo "2646"]
[WhiteFideId "11600357"]
[BlackFideId "14117908"]
[EventDate "2013.08.05"]

1. e4 c6 2. c4 d5 3. exd5 cxd5 4. cxd5 Nf6 5. Bb5+ Nbd7 6. Nc3 a6 7. Be2 Nb6 8.
d4 Nbxd5 9. Nf3 e6 10. O-O Be7 11. Ne5 O-O 12. Bf3 Bd7 13. Qb3 Bc6 14. Nxc6 bxc6
15. Na4 Qa5 16. a3 Nd7 17. Qc2 Qb5 18. Be2 Qb7 19. Bd3 g6 20. Bh6 Rfc8 21. Rfd1
a5 22. Rac1 Bf6 23. Bf1 Qa7 24. Qe4 Rab8 25. Rc2 Qb7 26. Bc4 Rd8 27. h4 N7b6 28.
Bb3 Nc8 29. Nc5 Qe7 30. Bd2 Nd6 31. Qe1 Nf5 32. Bxa5 Bxd4 33. Bxd8 Rxd8 34. Bxd5
Rxd5 35. Nb3 Qxh4 36. Nxd4 Nxd4 37. Rcd2 Rh5 38. f3 Qh2+ 39. Kf2 Nf5 40. Rd8+
Kg7 41. Qc3+ e5 42. Qc5 Qg3+ 43. Kg1 Rh2 44. R1d2 Nh4 45. Qf8+ Kf6 46. R8d6+ Kg5
47. Qxf7 Rxg2+ 48. Kf1 Rg1+ 49. Ke2 Nf5 50. Qf6+ Kh5 51. Rd7 Rg2+ 0-1

[Event "3rd Riga Tech Uni Op"]
[Site "Riga LAT"]
[Date "2013.08.06"]
[Round "2.2"]
[White "Socko, Bartosz"]
[Black "Tari, Aryan"]
[Result "1/2-1/2"]
[WhiteTitle "GM"]
[BlackTitle "FM"]
[WhiteElo "2646"]
[BlackElo "2401"]
[WhiteFideId "1107038"]
[BlackFideId "1510045"]
[EventDate "2013.08.05"]

1. c4 e5 2. g3 c6 3. Bg2 Nf6 4. d4 exd4 5. Qxd4 d5 6. Nf3 Be6 7. Ng5 Qb6 8. Nxe6
fxe6 9. Qxb6 axb6 10. cxd5 Bb4+ 11. Bd2 Bxd2+ 12. Nxd2 exd5 13. e4 dxe4 14. Nxe4
Nxe4 15. Bxe4 O-O 16. O-O Nd7 17. f4 Nf6 18. Bc2 Rfd8 19. Rad1 Kf8 20. a3 Rxd1
21. Rxd1 Re8 22. Rd2 g6 23. Kf2 Re7 24. Rd8+ Re8 25. Rxe8+ Nxe8 26. g4 Nd6 27.
Ke3 Nc4+ 28. Kd4 b5 29. b3 Nxa3 30. Be4 b4 31. Bd3 b6 32. h4 Kg7 33. Ke5 c5 34.
Ke6 Kf8 35. Kd5 Ke7 36. g5 Kf7 37. f5 gxf5 38. Bxf5 Kg7 39. Bd3 c4 40. Bxc4 Nxc4
41. Kxc4 Kg6 42. Kxb4 Kh5 43. Kb5 Kxh4 44. Kxb6 Kxg5 45. b4 1/2-1/2

[Event "3rd Riga Tech Uni Op"]
[Site "Riga LAT"]
[Date "2013.08.06"]
[Round "2.4"]
[White "Van Kampen, Robin"]
[Black "Carlstedt, Jonathan"]
[Result "1/2-1/2"]
[WhiteTitle "GM"]
[BlackTitle "IM"]
[WhiteElo "2606"]
[BlackElo "2387"]
[WhiteFideId "1020854"]
[BlackFideId "24614386"]
[EventDate "2013.08.05"]

1. e4 e6 2. d4 d5 3. Nc3 Nf6 4. Bg5 Be7 5. e5 Nfd7 6. Bxe7 Qxe7 7. f4 O-O 8. Nf3
c5 9. Qd2 Nc6 10. dxc5 f6 11. exf6 Qxf6 12. g3 Nxc5 13. O-O-O Rd8 14. Bb5 Ne4
15. Qe3 Nxc3 16. Qxc3 Qxc3 17. bxc3 Na5 18. Rhe1 a6 19. Bd3 Rd6 20. f5 h6 21.
Nd4 Kf7 22. Rd2 exf5 23. Rde2 Bd7 24. Bxf5 Re8 25. Rxe8 Bxe8 26. Re6 Rd8 27. Rb6
Ke7 28. Ne6 Rd6 29. Rxd6 Kxd6 30. Nxg7 Ke5 31. Bd3 Bd7 32. Nh5 Nc4 33. Nf4 Ne3
34. h3 Nf5 35. Ne2 Nd6 36. Nf4 Ne4 37. Ng6+ Kf6 38. Bxe4 dxe4 39. Nf4 e3 40.
Nd5+ Ke5 41. Nxe3 Bxh3 42. Kd2 Ke4 43. Ke2 Be6 44. a3 a5 45. Kf2 a4 46. Ke2 Bd7
47. Kf2 Be6 48. Ke2 Bd7 49. Kf2 1/2-1/2

[Event "3rd Riga Tech Uni Op"]
[Site "Riga LAT"]
[Date "2013.08.06"]
[Round "2.5"]
[White "Laurusas, Tomas"]
[Black "Kulaots, Kaido"]
[Result "1/2-1/2"]
[BlackTitle "GM"]
[WhiteElo "2377"]
[BlackElo "2581"]
[WhiteFideId "12803731"]
[BlackFideId "4500261"]
[EventDate "2013.08.05"]

1. Nf3 Nf6 2. c4 e6 3. d4 d5 4. Nc3 Bb4 5. cxd5 exd5 6. Qa4+ Nc6 7. Bg5 h6 8.
Bxf6 Qxf6 9. e3 O-O 10. Rc1 Rd8 11. a3 Bf8 12. Be2 a6 13. O-O Bf5 14. Qd1 Ne7
15. Na4 c6 16. Ne5 1/2-1/2

[Event "3rd Riga Tech Uni Op"]
[Site "Riga LAT"]
[Date "2013.08.06"]
[Round "2.6"]
[White "Klenburg, Mikhail"]
[Black "Gleizerov, Evgeny"]
[Result "1-0"]
[WhiteTitle "IM"]
[BlackTitle "GM"]
[WhiteElo "2371"]
[BlackElo "2567"]
[WhiteFideId "14102072"]
[BlackFideId "4101332"]
[EventDate "2013.08.05"]

1. e4 e6 2. d3 d5 3. Nd2 c5 4. g3 Nc6 5. Bg2 g6 6. Ngf3 Bg7 7. O-O Nge7 8. Re1
O-O 9. e5 Qc7 10. Qe2 h6 11. h4 f6 12. exf6 Rxf6 13. Nb3 e5 14. Nh2 Qd6 15. c3
Bd7 16. Ng4 Bxg4 17. Qxg4 Raf8 18. Rf1 b5 19. a4 a6 20. axb5 axb5 21. Be3 c4 22.
Bc5 Qd8 23. dxc4 bxc4 24. Na5 e4 25. Nxc6 Rxc6 26. Bb4 Rf7 27. Rad1 Rcf6 28.
Qxe4 Qb6 29. Qe3 Kh7 30. Qxb6 Rxb6 31. Bxd5 Nxd5 32. Rxd5 Re6 33. Rd2 h5 34.
Rfd1 Bh6 35. Rd7 Re1+ 36. Kg2 Rxd1 37. Rxd1 Kg7 38. f4 Rc7 39. Kf3 Kf7 40. Rd5
Bg7 41. f5 Bf6 42. Kf4 Bg7 43. fxg6+ Kxg6 44. Rd6+ Bf6 45. g4 hxg4 46. h5+ Kf7
47. Kxg4 Be5 48. Ra6 Kg7 49. Re6 Bf6 50. Kf5 Bh4 51. Ke4 Kf7 52. Kd5 Bg5 53. Rc6 1-0

[Event "3rd Riga Tech Uni Op"]
[Site "Riga LAT"]
[Date "2013.08.06"]
[Round "2.7"]
[White "Mishuchkov, Nikolai M."]
[Black "Burmakin, Vladimir"]
[Result "0-1"]
[WhiteTitle "IM"]
[BlackTitle "GM"]
[WhiteElo "2367"]
[BlackElo "2565"]
[WhiteFideId "4102401"]
[BlackFideId "4105109"]
[EventDate "2013.08.05"]

1. d4 g6 2. Nf3 Bg7 3. e4 c6 4. c3 d5 5. Nbd2 Nh6 6. Be2 O-O 7. O-O b6 8. Re1
Bb7 9. exd5 cxd5 10. Ne5 Nf5 11. Ndf3 Nd7 12. Nxd7 Qxd7 13. Bf4 Nd6 14. Ne5 Qd8
15. a4 a5 16. Bf3 Re8 17. Qb3 e6 18. h4 f6 19. Ng4 Nf7 20. Ne3 Ra7 21. Bg3 Bc6
22. Red1 Rd7 23. Qc2 Bb7 24. Be2 Bc6 25. Bf3 Qa8 26. h5 f5 27. hxg6 hxg6 28. Bh2
Bf6 29. g4 Kg7 30. Kg2 Bg5 31. gxf5 exf5 32. Re1 Rde7 33. Qd3 f4 34. Nc2 Re4 35.
Bg4 Bxa4 36. Rxa4 Rxe1 37. Nxe1 Rxe1 38. Qb5 Qd8 39. Bf3 Rb1 40. Ra2 Qe7 41. Qe2
Qd6 42. Qd3 Re1 43. Qb5 Be7 0-1

[Event "3rd Riga Tech Uni Op"]
[Site "Riga LAT"]
[Date "2013.08.06"]
[Round "2.8"]
[White "Yemelin, Vasily"]
[Black "Bedouin, Xavier"]
[Result "1-0"]
[WhiteTitle "GM"]
[BlackTitle "IM"]
[WhiteElo "2564"]
[BlackElo "2367"]
[WhiteFideId "4113217"]
[BlackFideId "617040"]
[EventDate "2013.08.05"]

1. d4 Nf6 2. Bg5 e6 3. Nd2 h6 4. Bh4 c5 5. e4 cxd4 6. e5 g5 7. Bg3 Nd5 8. h4
gxh4 9. Rxh4 Nc6 10. Ngf3 d6 11. Bb5 dxe5 12. Nxe5 Bd7 13. Nxd7 Qxd7 14. Nf3 Bg7
15. Nxd4 Nde7 16. c3 e5 17. Nxc6 bxc6 18. Qxd7+ Kxd7 19. O-O-O+ Kc7 20. Bc4 Nf5
21. Rg4 Bf6 22. Bxf7 Nxg3 23. fxg3 Rhf8 24. Bg6 Bg5+ 25. Kb1 Rf2 26. Rc4 Rb8 27.
b3 Rbf8 28. Be4 R8f6 29. Bf3 Re6 30. b4 Kb6 31. Bg4 Ref6 32. Bf3 Bd2 33. Kc2
Bf4+ 34. Kb3 Bxg3 35. Rd8 Bf4 36. Rc8 e4 37. Bxe4 Bc7 38. a4 a6 39. a5+ Kb7 40.
Re8 Rd2 41. Bf3 Rd7 42. Bg4 Rg7 43. Bf3 Rd7 44. Rh8 Bf4 45. Bxc6+ Rxc6 46. Rxf4
Rg7 47. Rff8 1-0

[Event "3rd Riga Tech Uni Op"]
[Site "Riga LAT"]
[Date "2013.08.06"]
[Round "2.10"]
[White "Stockova, Zuzana"]
[Black "Neiksans, Arturs"]
[Result "0-1"]
[WhiteTitle "IM"]
[BlackTitle "GM"]
[WhiteElo "2359"]
[BlackElo "2557"]
[WhiteFideId "14900866"]
[BlackFideId "11601388"]
[EventDate "2013.08.05"]

1. e4 c5 2. Nf3 e6 3. d4 cxd4 4. Nxd4 a6 5. Nc3 Qc7 6. Bd3 Nc6 7. Be3 Nf6 8. O-O
Ne5 9. h3 Bc5 10. f4 Nc6 11. e5 Nxe5 12. fxe5 Qxe5 13. Bf4 Qxd4+ 14. Kh1 Bd6 15.
Bxd6 Qxd6 16. Rxf6 gxf6 17. Qg4 f5 18. Qg7 Rf8 19. Bxf5 b6 20. Ne4 Qe7 21. Nf6+
Kd8 22. Be4 d5 23. Rd1 Kc7 24. Bxd5 Ra7 25. Bf3 Kb8 26. c4 Rd8 27. Rc1 Rc7 28.
Qh6 Bb7 29. Qe3 Qxf6 30. Qxb6 Qd4 31. c5 Rdc8 32. b4 Rc6 33. Bxc6 Rxc6 34. Qa5
Qd2 35. Rg1 e5 36. Qa3 Rg6 0-1

[Event "3rd Riga Tech Uni Op"]
[Site "Riga LAT"]
[Date "2013.08.06"]
[Round "2.11"]
[White "Ulibin, Mikhail"]
[Black "Ben Artzi, Ido"]
[Result "1-0"]
[WhiteTitle "GM"]
[WhiteElo "2553"]
[BlackElo "2341"]
[WhiteFideId "4101405"]
[BlackFideId "2810913"]
[EventDate "2013.08.05"]

1. e4 d6 2. d4 Nf6 3. Nc3 g6 4. Bg5 Bg7 5. f4 O-O 6. Qd2 c6 7. Nf3 d5 8. Bxf6
exf6 9. exd5 Re8+ 10. Be2 cxd5 11. O-O-O Nc6 12. Rhg1 Qd6 13. Nh4 Bh6 14. g3 a6
15. Kb1 b5 16. Bf3 Ne7 17. Ng2 Bd7 18. Ne3 Bc6 19. h4 a5 20. h5 b4 21. Ne2 Qe6
22. Rh1 Bf8 23. hxg6 fxg6 24. Nc1 Nc8 25. Qh2 Ra7 26. Rde1 Qf7 27. Ng4 Rxe1 28.
Rxe1 Nd6 29. Nd3 Nf5 30. Qf2 a4 31. Nc5 h5 32. Nh2 b3 33. cxb3 axb3 34. Nxb3 Bb4
35. Rc1 Bb5 36. Be2 Bc4 37. g4 Rxa2 38. Rxc4 dxc4 39. Nc1 hxg4 40. Nxa2 g3 41.
Qg2 gxh2 42. Nxb4 Qh7 43. Bxc4+ Kg7 44. Qb7+ Kh6 45. Qh1 Kg7 46. Qb7+ Kh6 47.
Qxh7+ Kxh7 48. Bd5 Nxd4 49. Nd3 Ne2 50. Kc2 g5 51. Kd2 Ng3 52. Nf2 Kg6 53. b4 g4
54. b5 Nf1+ 55. Kd3 g3 56. Nh1 Kf5 57. b6 1-0